000 00578nam a2200193 4500
001 123270
003 ES-MaACL
005 20230906192137.0
007 t|
008 070214s1962 sp r ||||0| spa d
100 1 _aRabanos Espinosa, Ricardo.
_994840
245 1 0 _aHomilética bíblica /
_cRicardo Rabanos Espinosa, C. M.
260 _aBarcelona :
_bJuan Flors,
_c1962.
300 _aXIV, 242 p ;
_c24 cm.
490 1 _aCol. de lecciones de pastoral
830 0 _aCol. de lecciones de pastoral
_9218485
852 _aES-MaACL
_jC-21992
_bR.50525
999 _c123270
_d123270